Statistics for Top 10 Countries with the Most Female Smokers

Click here to take the quiz!

General Stats

  • This quiz has been taken 96 times
  • The average score is 5 of 10

Answer Stats

% Country % Correct
534Greece
76%
240Serbia
73%
632Croatia
71%
830Bulgaria
65%
731Bosnia and Herzegovina
62%
1029Czech Republic
55%
436Austria
49%
337Chile
21%
929Lebanon
15%
143Kiribati
4%

Score Distribution

Percentile by Number Answered

Percent of People with Each Score

Your Score History

You have not taken this quiz